States crossed by the Mississippi River - Sudden Death - Statistics

General Stats
  • This quiz has been taken 19 times
  • The average score is 7 of 10
Answers on the Grid
Answers color-coded by a green-red scale on the quiz's grid according to % correct below.
Minnesota
Wisconsin
Iowa
Illinois
Missouri
Kentucky
Tennessee
Arkansas
Mississippi
Louisiana
North Dakota
South Dakota
Michigan
Indiana
Kansas
Nebraska
Oklahoma
Alabama
Texas
Florida
 
Answer Stats
Answer % Correct
Mississippi
94%
Louisiana
88%
Missouri
82%
Arkansas
76%
Iowa
71%
Minnesota
71%
Illinois
65%
Tennessee
65%
Kentucky
59%
Wisconsin
35%
No matching quizzes found
Score Distribution
Percent of People with Each Score
Percentile by Number Answered
Your Score History
You have not taken this quiz